[Event "CZE-chT2D 1314"]
[Site "Czech Republic"]
[Date "2013.12.01"]
[Round "3.6"]
[White "Vesely, Vitek"]
[Black "Vesely, Tomas"]
[Result "0-1"]
[WhiteElo "1857"]
[BlackElo "2092"]
[PlyCount "70"]
[EventDate "2013.11.03"]
[EventType "team-tourn"]
[EventRounds "11"]
[EventCountry "CZE"]
[SourceTitle "EXT 2016"]
[Source "ChessBase"]
[SourceDate "2015.10.08"]
[SourceVersion "1"]
[SourceVersionDate "2015.10.08"]
[SourceQuality "1"]
[WhiteTeam "Havlickuv Brod"]
[BlackTeam "Pardubice AKIS"]
[WhiteTeamCountry "CZE"]
[BlackTeamCountry "CZE"]

1. e4 c5 2. Nf3 d6 3. d4 cxd4 4. Nxd4 Nf6 5. Nc3 a6 6. Be2 Qc7 7. 0-0 e6 8. Be3 Nbd7 9. a4 Be7 10. f4 0-0 11. Nb3 b6 12. Bf3 Bb7 13. Qd2 Rac8 14. g4 d5 15. exd5 Nxd5 16. Nxd5 Bxd5 17. Bxd5 exd5 18. c3 Qc4 19. Nd4 Nf6 20. h3 Ne4 21. Qg2 Rfe8 22. Rfd1 Bc5 23. Qf3 Nxc3 24. bxc3 Qxc3 25. Kf2 Qb2+ 26. Kg3 Re4 27. Nf5 Bxe3 28. Nxe3 Rxe3 29. Qxe3 Rc3 30. Rd3 Rxd3 31. Qxd3 Qxa1 32. Qxd5 Qg1+ 33. Kh4 Qe1+ 34. Kh5 g6+ 35. Kg5 Qe7+ 0-1